000
00189 a2200097 4500
020
_a
9789871234172
041
_a
spa
100
_a
Chaskielberg,Daniel
245
_a
Viva la Musica
942
_c
BK
999
_c
9082
_d
9082